Normal view
MARC view
- TOSATTI, E , BESKARAM, G , RUCKENSTEIN, A. E
Entry Personal Name
001 - CONTROL NUMBER
- control field: 67945
003 - CONTROL NUMBER IDENTIFIER
- control field: NUST
005 - DATE AND TIME OF LATEST TRANSACTION
- control field: 20210628203937.0
008 - FIXED-LENGTH DATA ELEMENTS
- fixed length control field: 210628|| aca||aabn | a|a d
040 ## - CATALOGING SOURCE
- Original cataloging agency: NUST
- Transcribing agency: NUST
100 ## - HEADING--PERSONAL NAME
- Personal name: TOSATTI, E , BESKARAM, G , RUCKENSTEIN, A. E
670 ## - SOURCE DATA FOUND
- Source citation: Work cat.: (NUST): TOSATTI, E , BESKARAM, G , RUCKENSTEIN, A. E, STRONGLY CORRELATED ELECTRON SYSTEM-III , PROCEEDINGS OF THE ADRIATICO RESEARCH CONFERENCE AND MINIWORKSHOP 8 JULY- 2 AUGUST, 1991, 1992
